European political institutions : a comparative government reader

Enregistré dans:
Détails bibliographiques
Auteur principal: Andrews, William George
Autres auteurs: Andrews, William George 1930-
Format: Livre
Publié: Princeton : Van Nostrand, c1962
Collection:Van nostrand political science series
Sujets:
Tags: Ajouter un tag
Pas de tags, Soyez le premier à ajouter un tag!

MARC

LEADER 00000cam a22000001 4500
020 |a NA 
040 |a MUL  |b eng.  |e AACR 
082 |a 342 AND 
100 1 |a Andrews, William George, 
245 1 0 |a European political institutions :  |b a comparative government reader  |c / edited by William G. Andrews. 
260 |a Princeton :  |b Van Nostrand,  |c c1962 
300 |a xx, 387 p.  |c 23 cm. 
440 |a Van nostrand political science series 
504 |a Includes bibliographical references p. 361-380 and index. 
650 0 |a Comparative government. 
650 0 |a Politics and government 
650 0 |a Politics, Practical 
700 |a  Andrews, William George  |d 1930- 
942 |c BK 
999 |c 725  |d 725